[Event "Druzynowe Mistrzostwa Polski Juniorow - II Liga"]
[Site "Iwonicz"]
[Date "2016-07-31"]
[Round "7.57"]
[White "Mackowiak, Filip"]
[Black "Krolak, Kacper"]
[Result "1-0"]
[WhiteTitle "II+"]
[BlackTitle "III"]
[WhiteElo "1428"]
[BlackElo "1174"]

1. e4 e5 2. Nf3 d6 3. d4 Nf6 4. dxe5 Nxe4 5. exd6 Nxd6 6. Bd3 Be7 7. O-O O-O 8.
Nc3 c5 9. Bf4 Nc6 10. Nd5 Be6 11. Nxe7+ Nxe7 12. Bxd6 Rc8 13. Bxe7 Qxe7 14. c4
Rfd8 15. Qc2 g6 16. Rad1 b6 17. b3 Qf6 18. Be2 Bf5 19. Rxd8+ Rxd8 20. Qc1 Re8
1-0

[Event "Druzynowe Mistrzostwa Polski Juniorow - II Liga"]
[Site "Iwonicz"]
[Date "2016-07-31"]
[Round "7.58"]
[White "Zaborowski, Maciej"]
[Black "Sulima, Franciszek"]
[Result "0-1"]
[WhiteTitle "II"]
[BlackTitle "II"]
[WhiteElo "1118"]
[BlackElo "1215"]

1. d4 Nf6 2. Nf3 g6 3. c3 Bg7 4. Bg5 O-O 5. e3 d6 6. Bd3 Nc6 7. O-O e5 8. d5 Ne7
9. e4 Ne8 10. Ne1 f6 11. Bh4 h5 12. f4 exf4 13. Rxf4 g5 14. Bxg5 fxg5 15. Rxf8+
Kxf8 16. Qxh5 c6 17. Qxg5 Qb6+ 18. Kf1 Qxb2 19. Qf4+ Kg8 20. Qxd6 Nxd6 0-1

[Event "Druzynowe Mistrzostwa Polski Juniorow - II Liga"]
[Site "Iwonicz"]
[Date "2016-07-31"]
[Round "7.59"]
[White "Filipska, Maja"]
[Black "Parol, Pola"]
[Result "0-1"]
[WhiteTitle "I+"]
[BlackTitle "k"]
[WhiteElo "1406"]
[BlackElo "1817"]

1. e4 c6 2. d4 d5 3. exd5 cxd5 4. Bd3 Nc6 5. c3 Qc7 6. Nf3 Nf6 7. O-O Bg4 8. Bg5
e6 9. Nbd2 Bd6 10. Qc2 Bh5 11. Rfe1 Bg6 12. a3 a6 13. Re2 Bxd3 14. Qxd3 O-O 15.
c4 dxc4 16. Nxc4 Nd5 17. Nxd6 Qxd6 18. Rc2 h6 19. Bh4 Nf4 20. Qe3 Ng6 21. Bg3
Qd7 22. Rd1 Rac8 23. Rcd2 Qd5 24. Ne5 Nge7 25. Nxc6 Rxc6 26. Qe5 Rfc8 27. Qxd5
Nxd5 28. Kf1 b5 29. Ke2 a5 30. Rd3 Kf8 31. Kf3 Ke7 32. Bf4 Rc4 33. Be3 Kd6 34.
g3 Rc2 35. R1d2 b4 36. Ke2 Nb6 37. axb4 axb4 38. Rb3 R2c4 39. Rdd3 Nd5 40. Bd2
Kc6 41. Be3 Kb5 42. Rd2 Nf6 43. f3 Nd5 44. Rbd3 Ra8 45. Bf2 Ra1 46. Rd1 Ra2 47.
R1d2 Rc1 48. b3 Ra3 49. Rb2 Nc3+ 0-1

[Event "Druzynowe Mistrzostwa Polski Juniorow - II Liga"]
[Site "Iwonicz"]
[Date "2016-07-31"]
[Round "7.60"]
[White "Zaborowska, Maria"]
[Black "Wyrzykowska, Aleksandra"]
[Result "0-1"]
[WhiteTitle "I"]
[BlackTitle "I"]
[WhiteElo "1215"]
[BlackElo "1251"]

1. e4 c5 2. Nf3 Nc6 3. d4 cxd4 4. Nxd4 e5 5. Nb5 d6 6. c4 a6 7. N5c3 Nf6 8. Nd2
Be6 9. Be2 Be7 10. Nf3 O-O 11. Be3 Ng4 12. Nd5 f5 13. Nxe7+ Qxe7 14. Bg5 Nf6 15.
exf5 Bxf5 16. Nh4 Be6 17. O-O Rad8 18. f4 Qf7 19. b3 d5 20. fxe5 dxc4 21. Qe1
Nxe5 22. Qc3 Qc7 23. Rac1 b5 24. Bf4 Qb6+ 25. Be3 Qd6 26. Rcd1 Nd3 27. Bxd3 cxd3
28. Bc5 Qc6 29. Nf5 Rf7 30. Nd4 Qc8 31. Nxe6 Qxe6 32. Rxd3 Rc8 33. Rfd1 Rd7 34.
b4 Rcd8 35. Rxd7 Rxd7 36. Rxd7 Nxd7 37. Qe3 Nxc5 38. Qc1 Nd3 39. Qf1 Qe1 40. Qxe1
Nxe1 0-1

[Event "Druzynowe Mistrzostwa Polski Juniorow - II Liga"]
[Site "Iwonicz"]
[Date "2016-07-31"]
[Round "7.61"]
[White "Guzik, Natalia"]
[Black "Zylinski, Piotr"]
[Result "1/2-1/2"]
[WhiteTitle "I++"]
[BlackTitle "I"]
[WhiteElo "1608"]
[BlackElo "1577"]

1. e4 Nf6 2. Nc3 d5 3. exd5 Nxd5 4. Bc4 Be6 5. Qf3 c6 6. Nge2 Nc7 7. Bxe6 Nxe6
8. O-O g6 9. d4 Bg7 10. Be3 O-O 11. Rad1 Nd7 12. Qh3 Nf6 13. f4 Nc7 14. f5 Ncd5
15. Nxd5 Nxd5 16. Bh6 Qb6 17. Bxg7 Kxg7 18. c4 Nf6 19. b3 Rad8 20. Qh4 Qa5 21.
a4 Rde8 22. Rd3 e5 23. fxe6 Rxe6 24. Nf4 Re4 25. Nh5+ Qxh5 26. Qxf6+ Kg8 27. Rdf3
Qg4 28. h3 Qd7 29. Rd1 b5 30. axb5 cxb5 31. c5 Rc8 32. Rc3 Qd5 33. Rcd3 Rc6 34.
Qf3 f5 35. Qg3 f4 36. Qf3 Kg7 37. Kh2 g5 38. R3d2 Rce6 39. Re1 Qf5 40. Rxe4 Rxe4
41. Qd3 Qe6 42. Qxb5 Re3 43. Qb7+ Kh6 44. Qxa7 Rxb3 45. Ra2 g4 46. hxg4 Kg5 47.
Ra6 Rh3+ 48. Kxh3 Qe3+ 49. Kh2 Qg3+ 50. Kg1 Qe1+ 1/2-1/2

[Event "Druzynowe Mistrzostwa Polski Juniorow - II Liga"]
[Site "Iwonicz"]
[Date "2016-07-31"]
[Round "7.62"]
[White "Radecki, Adam"]
[Black "Bakalarczyk, Jakub"]
[Result "1-0"]
[WhiteTitle "I"]
[BlackTitle "I"]
[WhiteElo "1595"]
[BlackElo "1591"]

1. e4 c5 2. c3 e6 3. d4 cxd4 4. cxd4 Nf6 5. Bg5 Qa5+ 6. Qd2 Qxd2+ 7. Nxd2 Bb4 8.
f3 Nc6 9. Be3 O-O 10. Rc1 a6 11. Ne2 b5 12. Kf2 Bb7 13. Nb3 Rac8 14. Nc3 Na5 15.
Nxa5 Bxa5 16. Be2 d6 17. Bd3 Nd7 18. a3 d5 19. exd5 Bxd5 20. Nxd5 exd5 21. Bf5
Rxc1 22. Rxc1 Nb8 23. Bc8 Bb6 24. Ke2 Rd8 25. Kd3 a5 26. Bf4 Nd7 27. Bxd7 Rxd7
28. Rc8+ Rd8 29. Rc6 Ba7 30. Ra6 Rd7 31. Rxa5 Rb7 32. Bd6 f6 33. Kc3 Bb6 34. Ra8+
Kf7 35. Bc5 Bc7 36. Ra7 Rxa7 37. Bxa7 Ba5+ 38. Kb3 Ke6 39. a4 bxa4+ 40. Kxa4 Bc7
41. g3 Kd7 42. Kb5 h5 43. Kc5 Ke6 44. b4 h4 45. gxh4 Bd6+ 46. Kb5 Bxh2 47. Kc6
g6 48. b5 Bg3 49. b6 Bxh4 50. Bb8 Bf2 51. Kc5 Kd7 52. b7 g5 53. Bh2 1-0

[Event "Druzynowe Mistrzostwa Polski Juniorow - II Liga"]
[Site "Iwonicz"]
[Date "2016-07-31"]
[Round "7.63"]
[White "Jagura, Norbert"]
[Black "Panek, Bartosz"]
[Result "1-0"]
[WhiteTitle "II"]
[BlackTitle "II+"]
[WhiteElo "1505"]
[BlackElo "1679"]

1. c4 e5 2. Nc3 Nf6 3. g3 c6 4. Bg2 d5 5. cxd5 cxd5 6. d3 Nc6 7. Bg5 d4 8. Bxf6
Qxf6 9. Ne4 Qe6 10. Nf3 f5 11. Ned2 Bb4 12. O-O O-O 13. Nc4 Kh8 14. a3 Bd6 15.
b4 b5 16. Nxd6 Qxd6 17. Nxe5 Nxe5 18. Bxa8 f4 19. Bg2 Qh6 20. Qc1 Bh3 21. Qc5
Ng6 22. Qxd4 Bxg2 23. Kxg2 Qh5 24. Qe4 f3+ 25. exf3 Ne5 26. f4 Ng4 27. h3 Nf6
28. Qe5 Qg6 29. Qxb5 Nh5 30. Kh2 Nf6 31. Rfe1 Rd8 32. Rac1 h6 33. Rc7 Qxd3 34.
Qxd3 Rxd3 35. Rxa7 Nd5 36. Rd7 Nxb4 37. Rxd3 Nxd3 38. Re2 1-0

[Event "Druzynowe Mistrzostwa Polski Juniorow - II Liga"]
[Site "Iwonicz"]
[Date "2016-07-31"]
[Round "7.64"]
[White "Piechota, Kamil"]
[Black "Wojtasik, Szymon"]
[Result "1-0"]
[WhiteTitle "II"]
[BlackTitle "II"]
[WhiteElo "1337"]
[BlackElo "1240"]

1. e4 c5 2. c3 d5 3. exd5 Qxd5 4. d4 Nc6 5. Nf3 cxd4 6. Nxd4 e5 7. Nxc6 Qxd1+ 8.
Kxd1 bxc6 9. Bc4 Bd6 10. Re1 Ne7 11. Ke2 Bf5 12. Kf1 Ng6 13. Be3 Ke7 14. Nd2 Rhd8
15. Rad1 Rd7 16. Bb3 Be6 17. Bxe6 Kxe6 18. Ne4 Be7 19. Rxd7 Kxd7 20. Rd1+ Kc7
21. Ng5 Bxg5 22. Bxg5 f6 23. Be3 Ne7 24. c4 Rb8 25. b3 Rb7 26. Ke2 a5 27. Bc5
Kc8 28. f3 Rd7 29. Rxd7 Kxd7 30. Bb6 a4 31. bxa4 Kc8 32. a5 Kb7 33. Bc5 Nc8 34.
Bf8 g6 35. Bg7 Nd6 36. Bxf6 Nxc4 37. Kd3 Nxa5 38. Bxe5 Kb6 39. Bc3 Nb7 40. g4
Kb5 41. f4 Nc5+ 42. Kd4 Nd7 43. f5 gxf5 44. gxf5 Nf6 45. Kd3 Nd5 46. f6 Nf4+ 47.
Kc2 Ng6 48. f7 c5 49. Bg7 Ka4 50. Bh6 Ka3 51. h4 Kxa2 52. h5 c4 53. hxg6 hxg6
54. f8=Q g5 55. Qa8# 1-0

[Event "Druzynowe Mistrzostwa Polski Juniorow - II Liga"]
[Site "Iwonicz"]
[Date "2016-07-31"]
[Round "7.65"]
[White "Bakalarczyk, Zuzanna"]
[Black "Robakowska, Paulina"]
[Result "1/2-1/2"]
[WhiteTitle "I"]
[BlackTitle "I"]
[WhiteElo "1312"]
[BlackElo "1341"]

1. e4 e6 2. d4 d5 3. exd5 exd5 4. Nf3 Nf6 5. Bb5+ c6 6. Bd3 Bd6 7. Bg5 O-O 8. O-O
Bg4 9. h3 Bh5 10. Nbd2 Nbd7 11. Re1 Qc7 12. Qc1 Rfe8 13. Nh4 Bf4 14. Bxf4 Qxf4
15. Rxe8+ Rxe8 16. Ndf3 Qxc1+ 17. Rxc1 Ne4 18. Re1 Nef6 19. Kf1 Rxe1+ 20. Kxe1
Kf8 21. Ke2 Bg6 22. Bxg6 hxg6 23. Nd2 Ng8 24. Nhf3 Ke7 25. Ke3 Ngf6 26. Nf1 Ne4
27. N1d2 Nef6 28. Nf1 Ne4 29. N1d2 Nef6 30. Nf1 Ne4 31. N1d2 Nef6 1/2-1/2

[Event "Druzynowe Mistrzostwa Polski Juniorow - II Liga"]
[Site "Iwonicz"]
[Date "2016-07-31"]
[Round "7.67"]
[White "Marczak, Szymon"]
[Black "Stochnialek, Dominika"]
[Result "1-0"]
[WhiteTitle "I"]
[BlackTitle "I"]
[WhiteElo "1709"]
[BlackElo "1439"]

1. e4 c5 2. Nf3 d6 3. Bb5+ Bd7 4. Bxd7+ Qxd7 5. c4 Nc6 6. Nc3 Nf6 7. d4 cxd4 8.
Nxd4 g6 9. f3 Bg7 10. Be3 O-O 11. O-O Nxd4 12. Bxd4 b6 13. Qd2 Qc6 14. b3 Nd7
15. Rad1 Bxd4+ 16. Qxd4 Nf6 17. e5 dxe5 18. Qxe5 Rfe8 19. Nd5 Nxd5 20. Rxd5 e6
21. Rd6 Qc7 22. Qd4 Rad8 23. Rd1 Qxd6 24. Qxd6 Rxd6 25. Rxd6 Re7 26. Kf2 Rc7 27.
Ke3 Kf8 28. Rd8+ Ke7 29. Ra8 f5 30. Kd4 Kf6 31. f4 Rd7+ 32. Kc3 e5 33. fxe5+ Kxe5
34. Re8+ Kf4 35. b4 Rc7 36. a4 h5 37. a5 bxa5 38. bxa5 g5 39. Re2 g4 40. Kd4 h4
41. Kd5 Rd7+ 42. Kc6 Rd4 43. c5 Re4 44. Rc2 Rb4 45. Kd6 Rd4+ 46. Ke7 Re4+ 47.
Kf7 Ke5 48. Kg6 Rd4 49. c6 Rd8 50. c7 Rc8 51. Kg5 g3 52. h3 f4 53. Kxh4 Kf5 54.
Rc5+ Ke4 55. Kg4 Rg8+ 56. Kh5 Rc8 57. Rc3 Kd4 58. Rc1 Ke4 59. Kg4 Rg8+ 60. Kh5
Rc8 61. Rc4+ Kf5 62. Rc5+ Ke4 63. Kg4 Rg8+ 64. Kh5 Rc8 65. Rc4+ Kf5 66. Kh6 f3
67. gxf3 g2 68. Rg4 Rxc7 69. Rxg2 Kf4 70. Rg7 Rc6+ 71. Rg6 Rc5 72. Ra6 Rc7 73.
Kg6 Kxf3 74. h4 Rc1 75. Rxa7 Kg4 76. Kf6 Kxh4 77. a6 Ra1 78. Ke5 Kg5 79. Ra8 Kg6
80. Ra7 Ra2 81. Kd5 Ra1 82. Ra8 Kg7 83. Kc6 Ra2 84. Kb7 Rb2+ 85. Ka7 Kh7 86. Rb8
Ra2 87. Rb6 Re2 88. Ka8 Re8+ 89. Rb8 Re1 90. a7 Kg6 91. Rb6+ Kf5 92. Kb7 Re7+
93. Ka6 Re8 94. Rb8 Re6+ 95. Kb5 Re5+ 96. Kc6 1-0

[Event "Druzynowe Mistrzostwa Polski Juniorow - II Liga"]
[Site "Iwonicz"]
[Date "2016-07-31"]
[Round "7.68"]
[White "Kus, Aleksander"]
[Black "Franek, Krzysztof"]
[Result "1-0"]
[WhiteTitle "I"]
[BlackTitle "III"]
[WhiteElo "1818"]
[BlackElo "1134"]

1. e4 c6 2. d4 d5 3. Nc3 dxe4 4. Nxe4 Nf6 5. Ng3 e6 6. Nf3 Bd6 7. Bd3 Nbd7 8. Qe2
O-O 9. Ne4 Nxe4 10. Qxe4 Nf6 11. Qh4 Qa5+ 12. c3 Qh5 13. Bg5 Qxh4 14. Bxh4 Nd5
15. O-O Re8 16. Rfe1 b6 17. c4 Nf4 18. Be4 Bb7 19. Bg3 Rad8 20. c5 Bc7 21. cxb6
axb6 22. Rac1 Nd5 23. Bxd5 Bxg3 24. Bxc6 Bxc6 25. Rxc6 Bf4 26. Rxb6 h6 27. g3
Bd6 28. Rc1 Be7 29. a4 Ra8 30. Ra1 Ra7 31. Ne5 Bf6 32. Nc6 Rd7 33. a5 Bxd4 34.
Nxd4 Rxd4 35. a6 Ra8 36. a7 Rdd8 37. Rb7 Kf8 38. b4 Ke8 39. b5 Rdc8 40. b6 g6
41. Rd1 1-0

[Event "Druzynowe Mistrzostwa Polski Juniorow - II Liga"]
[Site "Iwonicz"]
[Date "2016-07-31"]
[Round "7.69"]
[White "Goszyk, Bartosz"]
[Black "Poltorak, Sebastian"]
[Result "0-1"]
[WhiteTitle "III"]
[BlackTitle "I"]
[WhiteElo "1126"]
[BlackElo "1707"]

1. e4 c6 2. d4 d5 3. Nc3 dxe4 4. Nxe4 Bf5 5. Ng3 Bg6 6. Nh3 Nf6 7. Nf4 e5 8. Nxg6
hxg6 9. dxe5 Qa5+ 10. Bd2 Qxe5+ 11. Qe2 Qxe2+ 12. Bxe2 Bc5 13. f3 Nbd7 14. O-O-O
O-O-O 15. Bc4 Ne5 16. Bb3 Nd5 17. h3 Ne3 18. Bxe3 Bxe3+ 19. Kb1 f5 20. Rhf1 Rhe8
21. a3 Rxd1+ 22. Rxd1 c5 23. Nf1 Bh6 24. Ng3 Re7 25. Nf1 Nc6 26. Bc4 a6 27. c3
b5 28. Bd5 Kc7 29. g4 Bf4 30. Bxc6 Kxc6 31. Ka2 Re2 32. Rd8 Rf2 33. Rg8 Rxf1 34.
Rxg7 Rxf3 35. Rxg6+ Bd6 36. h4 fxg4 37. h5 g3 38. h6 Rf8 39. h7 Rh8 40. Rg7 Kd5
41. Kb1 Ke4 42. Kc2 Kf3 43. Rf7+ Bf4 44. Kd1 g2 45. Rg7 Bg3 46. Rf7+ Ke4 0-1

[Event "Druzynowe Mistrzostwa Polski Juniorow - II Liga"]
[Site "Iwonicz"]
[Date "2016-07-31"]
[Round "7.70"]
[White "Ullrich, Agata"]
[Black "Grzybek, Mikolaj"]
[Result "1-0"]
[WhiteTitle "II"]
[BlackTitle "III"]
[WhiteElo "1196"]
[BlackElo "1201"]

1. f4 d5 2. Nf3 Nf6 3. e3 Nc6 4. Bb5 Bd7 5. d3 e6 6. Nbd2 Bc5 7. d4 Bb6 8. h3 Ne7
9. Bxd7+ Qxd7 10. O-O O-O-O 11. Ne5 Qe8 12. b3 Ng6 13. c4 c5 14. cxd5 cxd4 15.
Ndc4 dxe3 16. Nxb6+ axb6 17. d6 Nxe5 18. fxe5 Nd5 19. Qd4 Kb8 20. Bxe3 Rf8 21.
a4 Rc8 22. Rac1 Qd7 23. a5 Nxe3 24. Qxe3 Rxc1 25. Rxc1 bxa5 26. Qb6 Qd8 27. Rc7
Qxc7 28. Qxc7+ Ka7 29. d7 f5 30. Qc5+ Kb8 31. Qxf8+ Ka7 32. d8=Q a4 33. Qa5# 1-0

[Event "Druzynowe Mistrzostwa Polski Juniorow - II Liga"]
[Site "Iwonicz"]
[Date "2016-07-31"]
[Round "7.71"]
[White "Zamarska, Sylwia"]
[Black "Andrzejewska, Maja"]
[Result "1-0"]
[WhiteTitle "I+"]
[BlackTitle "II"]
[WhiteElo "1601"]
[BlackElo "1298"]

1. d4 d5 2. c4 dxc4 3. Nf3 Nf6 4. e3 e6 5. Bxc4 c5 6. Nc3 a6 7. a4 Nbd7 8. O-O
Be7 9. b3 O-O 10. Bb2 Nb6 11. Be2 Nbd5 12. Nxd5 Nxd5 13. Rc1 cxd4 14. Nxd4 Bf6
15. Qc2 Bd7 16. Qb1 Qb6 17. Bf3 Rac8 18. Bxd5 exd5 19. Rfd1 Rfd8 20. h3 g6 21.
g4 Bg7 22. Ba1 Rxc1 23. Rxc1 Rc8 24. Rxc8+ Bxc8 25. Qc2 Bd7 26. Bc3 Qc7 27. Qd3
f5 28. gxf5 gxf5 29. Ne2 Be6 30. Kh1 Bxc3 31. Qxc3 Qxc3 32. Nxc3 Kf7 33. Kg2 Kf6
34. Kg3 Ke5 35. Ne2 Ke4 36. Nf4 Bf7 37. h4 a5 38. Ne2 Kd3 39. Nd4 Ke4 40. Nb5
Ke5 41. f4+ Ke6 42. Kf2 Kd7 43. Nd4 Bg6 44. h5 Bxh5 45. Nxf5 Ke6 46. Ng7+ Kf6
47. Nxh5+ Kf5 1-0

[Event "Druzynowe Mistrzostwa Polski Juniorow - II Liga"]
[Site "Iwonicz"]
[Date "2016-07-31"]
[Round "7.72"]
[White "Roszkiewicz, Anna"]
[Black "Szczypka, Weronika"]
[Result "1-0"]
[WhiteTitle "I"]
[BlackTitle "II"]
[WhiteElo "1445"]
[BlackElo "1179"]

1. e4 e5 2. Nf3 Nc6 3. Bb5 d6 4. d4 exd4 5. Nxd4 Bd7 6. Nc3 Nf6 7. O-O Be7 8. Nxc6
bxc6 9. Bc4 O-O 10. Re1 Re8 11. Bf4 c5 12. e5 dxe5 13. Bxe5 Bd6 14. Bxd6 Rxe1+
15. Qxe1 cxd6 16. Rd1 Bc6 17. Qd2 Ne4 18. Nxe4 Bxe4 19. Bd5 Bxd5 20. Qxd5 Rb8
21. Qxd6 Qxd6 22. Rxd6 g6 23. b3 c4 24. f3 cxb3 25. axb3 Rc8 26. c4 Kf8 27. Kf2
Ke7 28. Rd3 Rc7 29. Ke3 Ke6 30. Kd4 Kd6 31. Kc3+ Kc6 32. b4 Kb6 33. Rd6+ Kb7 34.
Kd4 a6 35. c5 h6 36. g4 Re7 37. Rf6 Rd7+ 38. Kc4 Rc7 39. h4 Re7 40. h5 gxh5 41.
gxh5 Re3 42. Rxf7+ Kb8 43. f4 Rh3 44. Rf5 Kc7 45. b5 axb5+ 46. Kxb5 Rb3+ 47. Kc4
Rh3 48. Kd5 Rd3+ 49. Ke6 Rg3 50. Kf7 Rg4 51. Rf6 Kd7 52. Rd6+ Kc7 53. Rxh6 Rxf4+
54. Rf6 Rh4 55. h6 Rh5 56. c6 Rh3 57. Kg7 Rg3+ 58. Rg6 1-0

[Event "Druzynowe Mistrzostwa Polski Juniorow - II Liga"]
[Site "Iwonicz"]
[Date "2016-07-31"]
[Round "7.73"]
[White "Szydelko, Michal"]
[Black "Sloniewski, Kacper"]
[Result "1-0"]
[WhiteTitle "I"]
[BlackTitle "II"]
[WhiteElo "1622"]
[BlackElo "1168"]

1. e4 g6 2. d4 Bg7 3. Nf3 d6 4. h3 a6 5. Nc3 e6 6. Be2 Ne7 7. O-O b5 8. a3 Bb7
9. Be3 Nd7 10. Qd2 O-O 11. Rfd1 Nc8 12. Bh6 Ncb6 13. Bxg7 Kxg7 14. Re1 Qe7 15.
Rad1 Rac8 16. d5 e5 17. Bf1 Nc5 18. b4 Ncd7 19. Bd3 Nf6 20. Qe3 Nh5 21. Ne2 Rb8
22. g4 Nf6 23. Ng3 Rh8 24. Qg5 Ng8 25. Nf5+ 1-0

[Event "Druzynowe Mistrzostwa Polski Juniorow - II Liga"]
[Site "Iwonicz"]
[Date "2016-07-31"]
[Round "7.74"]
[White "Nowacka, Dorota"]
[Black "Sypien, Natan"]
[Result "0-1"]
[WhiteTitle "I"]
[BlackTitle "II"]
[WhiteElo "1415"]
[BlackElo "1461"]

1. d4 Nf6 2. Nf3 e6 3. e3 b6 4. Bd3 Bb7 5. Nbd2 d5 6. b3 Nbd7 7. Bb2 Be7 8. O-O
O-O 9. a3 Rc8 10. c4 c5 11. Qc2 h6 12. Ne5 dxc4 13. bxc4 cxd4 14. exd4 Nxe5 15.
dxe5 Nd7 16. Rac1 Nc5 17. Be2 Qc7 18. Bd4 Rfd8 19. Bb2 Rd7 20. Rfd1 Bg5 21. Rb1
Bxd2 22. Rxd2 Be4 23. Rxd7 Qxd7 24. Qd1 Bxb1 25. Qxb1 Qd2 26. Bf3 Na4 27. Qd1
Qxd1+ 28. Bxd1 Nxb2 0-1

[Event "Druzynowe Mistrzostwa Polski Juniorow - II Liga"]
[Site "Iwonicz"]
[Date "2016-07-31"]
[Round "7.75"]
[White "Majocha, Piotr"]
[Black "Syrkiewicz, Michal"]
[Result "1/2-1/2"]
[WhiteTitle "I"]
[BlackTitle "II"]
[WhiteElo "1751"]
[BlackElo "1389"]

1. Nf3 Nf6 2. g3 d5 3. Bg2 c5 4. O-O Nc6 5. d4 e6 6. dxc5 Bxc5 7. c4 O-O 8. cxd5
Nxd5 9. a3 Bb6 10. Qc2 Qe7 11. b4 a6 12. Bb2 f6 13. Nbd2 Ba7 14. Rac1 Bd7 15.
e4 Nb6 16. Rfd1 Rac8 17. Qb1 Na4 18. Nb3 e5 19. Bc3 b5 20. Bd2 Rfd8 21. Re1 Be6
22. Be3 Kf8 23. Bxa7 Qxa7 24. Bf1 Qe7 25. Nc5 Nxc5 26. Rxc5 Nd4 27. Nxd4 Rxd4
28. Rxc8+ Bxc8 29. Rd1 Rxd1 30. Qxd1 Qb7 31. Qc2 Be6 32. h4 h5 33. Qc5+ Kf7 34.
Qe3 Qc7 35. Kg2 Ke7 36. Be2 Bf7 37. Bf3 Kd7 38. Qd3+ Ke7 39. Qe3 Kf8 40. Be2 Qc2
41. Bf3 Qc7 42. Be2 Be8 43. Qd3 Bf7 44. Qe3 Kg8 45. Bf3 Kh7 46. Qe2 g6 47. Qd2
1/2-1/2

[Event "Druzynowe Mistrzostwa Polski Juniorow - II Liga"]
[Site "Iwonicz"]
[Date "2016-07-31"]
[Round "7.76"]
[White "Sloniewska, Agata"]
[Black "Lechman, Gabriel"]
[Result "0-1"]
[WhiteTitle "II"]
[BlackTitle "II"]
[WhiteElo "1028"]
[BlackElo "1226"]

1. c4 c5 2. g3 g6 3. Bg2 Bg7 4. Nc3 Nc6 5. d3 d6 6. e4 Nh6 7. h3 O-O 8. Nge2 Bd7
9. Be3 Qc8 10. Qd2 a6 11. Bxh6 Bxh6 12. Qxh6 Ne5 13. Qd2 Rb8 14. Nd5 Qd8 15. O-O
b5 16. b3 Bxh3 17. Qe3 Bxg2 18. Kxg2 e6 19. Ndc3 bxc4 20. bxc4 f5 21. exf5 Rxf5
22. f4 Nf7 23. Qxe6 Rb2 24. Rab1 Rxb1 25. Rxb1 Rf6 26. Qd5 Rf5 27. Qb7 h5 28.
Qb8 Qxb8 29. Rxb8+ Kg7 30. d4 g5 31. Rb6 gxf4 32. gxf4 cxd4 33. Nxd4 Rf6 34. Ne4
Rg6+ 35. Kf3 Kh7 36. Rb7 Kg8 37. Nf5 Re6 38. Ng5 Nxg5+ 39. fxg5 a5 40. Ra7 h4
41. Nxh4 Re5 42. Kf4 Rc5 43. Kg3 Rxc4 44. Rxa5 Kg7 45. Nf5+ Kg6 46. Nxd6 Rc3+
47. Kf4 Rc1 48. Ne4 Rf1+ 49. Ke5 Rf5+ 50. Ke6 Rxa5 51. Ke7 Re5+ 52. Kd6 Rxe4 0-1

[Event "Druzynowe Mistrzostwa Polski Juniorow - II Liga"]
[Site "Iwonicz"]
[Date "2016-07-31"]
[Round "7.77"]
[White "Fajt, Patrycja"]
[Black "Dabrowska, Aleksandra"]
[Result "1/2-1/2"]
[WhiteTitle "II"]
[BlackTitle "I"]
[WhiteElo "1069"]
[BlackElo "1371"]

1. e4 g6 2. d4 d6 3. Nf3 Bg7 4. c4 a6 5. h3 e6 6. Be2 b6 7. O-O Bb7 8. Nc3 Ne7
9. Re1 O-O 10. Be3 Nd7 11. Qd2 Re8 12. Bh6 Rc8 13. Bxg7 Kxg7 14. Qf4 Rf8 15. b4
Ra8 16. e5 d5 17. c5 b5 18. Rec1 f6 19. Qg4 Nf5 20. Qf4 fxe5 21. Nxe5 c6 22. Nxd7
Qxd7 23. Qe5+ Kg8 24. a4 Qf7 25. Bg4 h5 26. Bxf5 Qxf5 27. Qxf5 exf5 28. axb5 axb5
29. Re1 Kf7 30. f3 Kf6 31. Kf2 g5 32. g3 Rxa1 33. Rxa1 Ra8 34. Rxa8 Bxa8 35. f4
Bb7 36. Nd1 Bc8 37. Nb2 Bd7 38. Nd3 Be8 39. Ne5 g4 40. Kg2 Kg7 41. Kh2 Kf6 42.
hxg4 fxg4 43. Nd3 Kf5 44. Nf2 Bg6 45. Kg2 h4 46. Kh2 h3 47. Kg1 Bf7 48. Kh2 1/2-1/2

[Event "Druzynowe Mistrzostwa Polski Juniorow - II Liga"]
[Site "Iwonicz"]
[Date "2016-07-31"]
[Round "7.79"]
[White "Zarnowski, Krzysztof"]
[Black "Hasterok, Mateusz"]
[Result "1/2-1/2"]
[WhiteTitle "I++"]
[BlackTitle "II+"]
[WhiteElo "2034"]
[BlackElo "1695"]

1. d4 Nf6 2. Nf3 c5 3. d5 d6 4. c4 b5 5. cxb5 a6 6. b6 Qxb6 7. Nc3 g6 8. e4 Bg4
9. Qa4+ Bd7 10. Qc2 Bg7 11. Nd2 O-O 12. Be2 e6 13. Nc4 Qc7 14. O-O exd5 15. exd5
Bb5 16. Bf4 Bxc4 17. Bxc4 Nbd7 18. Rfe1 Nb6 19. Ne4 Nxc4 20. Qxc4 Nxe4 21. Rxe4
Bxb2 22. Rae1 Bf6 23. Bh6 Rfb8 24. Qxa6 Qd7 25. Qe2 Bg7 26. Re7 Qa4 27. Rxf7 Be5
28. Qf3 Qb4 29. Rf1 Bxh2+ 30. Kxh2 Qh4+ 31. Kg1 Qxh6 32. Qf6 Rf8 33. Rxf8+ Qxf8
34. Qe6+ Kg7 35. Qd7+ Kg8 36. Re1 Rd8 37. Qe6+ Qf7 38. Qe4 Ra8 1/2-1/2

[Event "Druzynowe Mistrzostwa Polski Juniorow - II Liga"]
[Site "Iwonicz"]
[Date "2016-07-31"]
[Round "7.80"]
[White "Charczenko, Dominik"]
[Black "Kozubal, Aleksandra"]
[Result "0-1"]
[WhiteTitle "II"]
[BlackTitle "I++"]
[WhiteElo "1596"]
[BlackElo "1687"]

1. d4 d5 2. c4 c6 3. Nc3 a6 4. cxd5 cxd5 5. Nf3 Nc6 6. Qb3 e6 7. Bf4 Nf6 8. h3
Bd6 9. Bxd6 Qxd6 10. e3 O-O 11. Be2 b5 12. O-O Na5 13. Qc2 Bb7 14. Rfc1 Rac8 15.
Qd1 Rc7 16. Rc2 Rfc8 17. Rac1 Nc4 18. Bxc4 dxc4 19. a3 h6 20. Qe2 Qb6 21. Ne5
Ne4 22. Qe1 f6 23. Ng4 Ng5 24. h4 Qc6 25. f3 Nxf3+ 26. gxf3 Qxf3 27. Qe2 Qg3+
28. Kf1 Bf3 29. Nxf6+ gxf6 30. Qh2 Qg4 31. Kf2 Kh7 32. Rg1 Qf5 33. Rcc1 Bg4+ 34.
Ke1 h5 35. Rc2 a5 36. Rf1 Qd3 37. Qf2 b4 38. Rd2 Qg6 39. Nb5 Qb1+ 40. Rd1 Qxd1#
0-1

[Event "Druzynowe Mistrzostwa Polski Juniorow - II Liga"]
[Site "Iwonicz"]
[Date "2016-07-31"]
[Round "7.81"]
[White "Bober, Tomasz"]
[Black "Hasterok, Lukasz"]
[Result "1/2-1/2"]
[WhiteTitle "II"]
[BlackTitle "III"]
[WhiteElo "1210"]
[BlackElo "1185"]

1. d4 Nf6 2. c4 e6 3. Nc3 Bb4 4. Bd2 Bxc3 5. Bxc3 b6 6. e3 Bb7 7. Nf3 d6 8. Bd3
Nbd7 9. O-O c5 10. Rc1 d5 11. Nd2 O-O 12. Qc2 h6 13. f4 dxc4 14. Nxc4 Qc7 15.
Ne5 Nxe5 16. fxe5 Nd5 17. Qf2 Nxc3 18. Rxc3 Qe7 19. Qg3 Kh8 20. Qg4 Rac8 21. h3
Rc7 22. Qe2 Rfc8 23. Rfc1 cxd4 24. exd4 Rxc3 25. Rxc3 Rxc3 26. bxc3 Qa3 27. Qc2
a6 28. Kf2 b5 29. g3 Bd5 30. Ke3 Qxa2 31. Qxa2 Bxa2 32. Kd2 Kg8 33. Kc2 Bd5 34.
Kb2 Kf8 35. Ka3 Ke7 36. Kb4 Kd7 37. Ka5 Bb7 38. Kb6 Bc8 39. Be4 g6 40. Bc6+ Kd8
41. Be4 Kd7 42. g4 1/2-1/2

[Event "Druzynowe Mistrzostwa Polski Juniorow - II Liga"]
[Site "Iwonicz"]
[Date "2016-07-31"]
[Round "7.85"]
[White "Szustakowski, Antoni"]
[Black "Tokarz, Krzysztof"]
[Result "1-0"]
[WhiteTitle "I++"]
[BlackTitle "II+"]
[WhiteElo "2033"]
[BlackElo "1637"]

1. d4 d5 2. c4 c6 3. Nf3 Nf6 4. Nc3 a6 5. e3 Bg4 6. Be2 e6 7. h3 Bh5 8. g4 Bg6
9. Ne5 Nbd7 10. Nxg6 hxg6 11. b3 b5 12. Bb2 Bd6 13. Qd2 Qc7 14. Bf3 Rb8 15. c5
Be7 16. a4 b4 17. Ne2 a5 18. Bg2 O-O 19. f4 Nh7 20. h4 Ndf6 21. Bf3 Ne4 22. Bxe4
dxe4 23. Qc2 f5 24. g5 Rfd8 25. Ng3 Nf8 26. h5 Bxg5 27. Qg2 Bf6 28. hxg6 Qe7 29.
Nh5 Bh4+ 30. Ke2 Bf6 31. Rag1 Rd5 32. Qh3 Nxg6 33. Rxg6 Kf7 34. Qg3 Rh8 35. Rxg7+
1-0

[Event "Druzynowe Mistrzostwa Polski Juniorow - II Liga"]
[Site "Iwonicz"]
[Date "2016-07-31"]
[Round "7.86"]
[White "Szczuraszyk, Jaroslaw"]
[Black "Kozlowski, Bartlomiej"]
[Result "1-0"]
[WhiteTitle "II"]
[BlackTitle "II"]
[WhiteElo "1643"]
[BlackElo "1474"]

1. d4 d5 2. c4 c6 3. Nc3 Nf6 4. Bg5 e6 5. e3 Be7 6. Nf3 O-O 7. Bd3 h6 8. Bh4 Nbd7
9. O-O Nb6 10. b3 Qc7 11. Bg3 Qd8 12. h3 dxc4 13. bxc4 Re8 14. Qb3 c5 15. Nb5
Rf8 16. Bc7 Qe8 17. Bxb6 Qc6 18. Nxa7 Qe8 19. Nb5 Qc6 20. Nc7 Rb8 21. Ne5 Qd6
22. f4 Bd8 23. Bxc5 Qxc7 24. Bxf8 Kxf8 25. c5 Bd7 26. Nxd7+ Qxd7 27. Rfc1 Qc7
28. a4 Nd5 29. Be4 Ne7 30. a5 g6 31. Rcb1 Ra8 32. Qxb7 Qxb7 33. Rxb7 Rxa5 34.
Rxa5 Bxa5 35. Ra7 Bd8 36. Ra8 Ke8 37. c6 Nxc6 38. Bxc6+ Ke7 39. Kf2 1-0

[Event "Druzynowe Mistrzostwa Polski Juniorow - II Liga"]
[Site "Iwonicz"]
[Date "2016-07-31"]
[Round "7.89"]
[White "Reszka, Zofia"]
[Black "Paluch, Kornelia"]
[Result "1-0"]
[WhiteTitle "II+"]
[BlackTitle "I"]
[WhiteElo "1127"]
[BlackElo "1188"]

1. e4 c5 2. Nf3 e6 3. d4 cxd4 4. Nxd4 a6 5. Nc3 Ne7 6. Bd3 Nbc6 7. Be3 Nxd4 8.
Bxd4 Nc6 9. Be3 b5 10. a3 Bb7 11. O-O Be7 12. f4 O-O 13. Qg4 Bf6 14. Rf3 Rc8 15.
Bd2 g6 16. Rh3 Bg7 17. f5 Ne5 18. Qf4 Qc7 19. Qh4 h5 20. Be2 Qd8 21. Bg5 f6 22.
Be3 Qe8 23. fxg6 Nxg6 24. Qxh5 Qd8 25. Qxg6 Qc7 26. Qh7+ Kf7 27. Bh5+ Ke7 28.
Qxg7+ 1-0